<?xml version="1.0" encoding="UTF-8"?>
<collection xmlns:xsi="http://www.w3.org/2001/XMLSchema-instance" xsi:schemaLocation="http://www.loc.gov/MARC21/slim http://www.loc.gov/standards/marcxml/schema/MARC21slim.xsd" xmlns="http://www.loc.gov/MARC21/slim">
 <record>
  <leader>00000nam a2200000 i 4500</leader>
  <controlfield tag="001">UP-1685954869149589826</controlfield>
  <controlfield tag="003">Buklod</controlfield>
  <controlfield tag="005">20240219093812.0</controlfield>
  <controlfield tag="006">m    |o  d |      </controlfield>
  <controlfield tag="007">cr |||||||||||</controlfield>
  <controlfield tag="008">240219s2022    dcu     r   b|001 0|eng d</controlfield>
  <datafield tag="020" ind1=" " ind2=" ">
   <subfield code="a">9781433836275</subfield>
   <subfield code="a">(Paperback)</subfield>
  </datafield>
  <datafield tag="035" ind1=" " ind2=" ">
   <subfield code="a">22355077</subfield>
  </datafield>
  <datafield tag="040" ind1=" " ind2=" ">
   <subfield code="a">DLC</subfield>
   <subfield code="b">eng</subfield>
   <subfield code="e">rda</subfield>
   <subfield code="c">DLC</subfield>
   <subfield code="d">CASM</subfield>
  </datafield>
  <datafield tag="041" ind1="0" ind2=" ">
   <subfield code="a">eng</subfield>
  </datafield>
  <datafield tag="050" ind1=" " ind2="0">
   <subfield code="a">JV 6013</subfield>
   <subfield code="b">.C68 2022</subfield>
  </datafield>
  <datafield tag="245" ind1="0" ind2="0">
   <subfield code="a">Contemporary immigration</subfield>
   <subfield code="b">psychological perspectives to address challenges and inform solutions</subfield>
   <subfield code="c">edited by Fathali M. Moghaddam and Margaret J. Hendricks.</subfield>
  </datafield>
  <datafield tag="264" ind1=" " ind2="1">
   <subfield code="a">Washington, D.C.</subfield>
   <subfield code="b">American Psychological Association</subfield>
   <subfield code="c">[2022]</subfield>
  </datafield>
  <datafield tag="300" ind1=" " ind2=" ">
   <subfield code="a">xiv, 341 pages</subfield>
   <subfield code="c">23 cm</subfield>
  </datafield>
  <datafield tag="336" ind1=" " ind2=" ">
   <subfield code="a">text</subfield>
   <subfield code="b">txt</subfield>
   <subfield code="2">rdacontent</subfield>
  </datafield>
  <datafield tag="337" ind1=" " ind2=" ">
   <subfield code="a">unmediated</subfield>
   <subfield code="2">rdamedia</subfield>
  </datafield>
  <datafield tag="338" ind1=" " ind2=" ">
   <subfield code="a">volume</subfield>
   <subfield code="b">nc</subfield>
   <subfield code="2">rdacarrier</subfield>
  </datafield>
  <datafield tag="504" ind1=" " ind2=" ">
   <subfield code="a">Includes bibliographical references and index.</subfield>
  </datafield>
  <datafield tag="505" ind1="0" ind2=" ">
   <subfield code="a">Machine generated contents note: Chapter 1: Contemporary Immigration: Psychological Perspectives on Challenges and Solutions -- Fathali M. Moghaddam, Margaret J. Hendricks -- -- Part One: Immigration in Local Community Context -- -- Chapter 2: Immigration to Smaller Urban and Rural Communities: Challenges and Opportunities -- Victoria M. Esses, Bukun F. Adegbembo -- -- Chapter 3: (Not) In Our Backyard! Threat Perceptions, Psychological Well-Being, and Collective Action Against Refugee Settlement -- Allard R. Feddes, Arnold A. P. van Emmerik, Hannah J. Babetti, Susan Bosdijk, Lisa Klawitter, Alex I. Macdougall, Annelies Romers, Sofia Tsaousoglou, Bertjan Doosje -- Chapter 4: A Mural Cannot Replace Us: Immigrant, Gentrification, and Displacement -- Kipp Pietrantonio, Jasmin Llamas, Keith McIntosh -- -- Part Two: Immigration in a National Context -- Chapter 5: Welcoming New Members: Conflicting Reactions to Immigration -- Yuen J. Huo, Tom Tyler -- Chapter 6: Immigrants as Threat and Opportunity: The Australian Experience -- Morgana Lizzio-Wilson, Winnifred Louis, Susilo Wibisono -- -- Chapter 7: Attitude Polarization and Closed-Mindedness: The Immigration Issue in Malta 2010-2020 -- Gordon Sammut, Luke J. Buhagiar, Rebekah Mifsud, Katya DeGiovanni, Noelle Brockdorff -- -- Chapter 8: Greek Talk on Migration: Constructions on Modernity Differentials and Cultural Hierarchy -- Nikos Bozatzis, Antonis Sapountzis, Liana Lardi, Maria Xenitidou -- -- Chapter 9: Immigration Through A Cultural Prism: Characteristics and Challenges -- Joaquim Pires Valentim -- -- Chapter 10: National Identity and Immigration: Threat from Undocumented Immigrants in the United States -- Margaret J. Hendricks -- -- Chapter 11: The Injustices of Crimmigration: Discretion, Detention, and Deportation -- Jennifer Woolard -- -- Part Three: Immigration in an International ContextChapter 12: Immigration to Chile in Regional Context -- Raimundo Salas Schweikart, Margaret J. Hendricks -- Chapter 13: Social Trust Among Refugees: Using a Human Rights Lens to Understand Refugee Experiences -- Aron Tesfai, Michaela Hynie, Rubaiyat Karim, Gülay Kilicaslan, Cansu Ekmekcioglu, Palmer Taylor Chapter 14: From Crimmigration to [Re]integration Following the Removal of 'Undesirable' People from Australia to New Zealand -- Veronica Hopner, Darrin Hodgetts, Pita King, Stuart Carr -- Chapter 15: The Equality - Difference Paradox: National Policies on Pluralism -- Séamus A. Power, Michael Jindra -- -- Part Four: Looking Ahead -- Chapter 16: Toward Solutions for Harmonious Immigrant Integration: A Psychological Perspective -- Fathali M. Moghaddam, Margaret J. Hendricks -- -- .</subfield>
  </datafield>
  <datafield tag="520" ind1=" " ind2=" ">
   <subfield code="a">&quot;&quot;Gang members, criminals, freeloaders, threats to our country!&quot; &quot;Hard-working, devoted to the family, essential for our country!&quot; In the early decades of the 21st century, sharply divided visions have emerged of immigrants and their role in society, not just in the United States but also in the European Union (EU) and other parts of the world. While solutions to the immigration crisis have been explored by political scientists, economists, and other experts, there is a need for greater contributions from psychologists. The chapters in this book contain psychological reports of the immigration experience globally and highlight solutions provided by psychological science to illustrate how immigrants can add to the economic and cultural strength and dynamism of the host society. This book also critically explores the important themes that characterize the psychology of immigration literature with the goal of further developing the contributions of psychological science to address the challenges and inform solutions to contemporary immigration globally&quot;--</subfield>
   <subfield code="c">Provided by publisher.</subfield>
  </datafield>
  <datafield tag="650" ind1=" " ind2="0">
   <subfield code="a">Emigration and immigration</subfield>
   <subfield code="x">Psychological aspects.</subfield>
  </datafield>
  <datafield tag="650" ind1=" " ind2="7">
   <subfield code="a">PSYCHOLOGY / Social Psychology</subfield>
   <subfield code="2">bisacsh.</subfield>
  </datafield>
  <datafield tag="650" ind1=" " ind2="7">
   <subfield code="a">SOCIAL SCIENCE / Emigration &amp; Immigration</subfield>
   <subfield code="2">bisacsh.</subfield>
  </datafield>
  <datafield tag="700" ind1="1" ind2=" ">
   <subfield code="a">Hendricks, Margaret J.</subfield>
   <subfield code="e">editor.</subfield>
  </datafield>
  <datafield tag="700" ind1="1" ind2=" ">
   <subfield code="a">Moghaddam, Fathali M</subfield>
   <subfield code="e">editor.</subfield>
  </datafield>
  <datafield tag="776" ind1="0" ind2="8">
   <subfield code="i">Online version</subfield>
   <subfield code="t">Contemporary immigration</subfield>
   <subfield code="d">Washington, D.C. : American Psychological Association, [2022]</subfield>
   <subfield code="z">9781433840265</subfield>
   <subfield code="w">(DLC) 2021055822.</subfield>
  </datafield>
  <datafield tag="905" ind1=" " ind2=" ">
   <subfield code="a">FO</subfield>
  </datafield>
  <datafield tag="852" ind1="0" ind2=" ">
   <subfield code="a">UPMNL</subfield>
   <subfield code="b">CASM</subfield>
   <subfield code="h">JV 6013</subfield>
   <subfield code="i">.C68 2022</subfield>
  </datafield>
  <datafield tag="942" ind1=" " ind2=" ">
   <subfield code="a">Book</subfield>
  </datafield>
 </record>
</collection>
